ბათუმის შოთა რუსთაველის სახელმწიფო უნივერსიტეტის ბიბლიოთეკა

სულოაგას ქუდი (ბიბ.ჩანაწერი № 50015)

000 -LEADER
fixed length control field 00689nam a2200229Ia 4500
001 - CONTROL NUMBER
control field 16953
003 - CONTROL NUMBER IDENTIFIER
control field GE_BSU
008 - FIXED-LENGTH DATA ELEMENTS--GENERAL INFORMATION
fixed length control field 181216s||||||||xx |||||||||||||| ||und||
040 ## - CATALOGING SOURCE
Transcribing agency GE_BSU
080 ## - UNIVERSAL DECIMAL CLASSIFICATION NUMBER
Universal Decimal Classification number 821.353.1-32
100 ## - MAIN ENTRY--PERSONAL NAME
Personal name ავალიანი, ლ.
245 ## - TITLE STATEMENT
Title სულოაგას ქუდი
245 ## - TITLE STATEMENT
Remainder of title ნოველა
245 ## - TITLE STATEMENT
Statement of responsibility, etc. რედ. მ.ჭავჭანიძე.ილ.: ნ. იანქოშვილი
260 ## - PUBLICATION, DISTRIBUTION, ETC.
Place of publication, distribution, etc. თბილისი
260 ## - PUBLICATION, DISTRIBUTION, ETC.
Name of publisher, distributor, etc. საბლიტგამი
260 ## - PUBLICATION, DISTRIBUTION, ETC.
Date of publication, distribution, etc. 1959
300 ## - PHYSICAL DESCRIPTION
Extent 41გვ. ; 15სმ.
653 ## - INDEX TERM--UNCONTROLLED
Uncontrolled term ნოველა
653 ## - INDEX TERM--UNCONTROLLED
Uncontrolled term სულოაგას ქუდი
942 ## - ADDED ENTRY ELEMENTS (KOHA)
Koha item type წიგნი
ეგზემპლარები
Withdrawn status Lost status Damaged status Not for loan Date acquired Barcode Date last seen Price effective from Koha item type
        2018-12-17 21646 2018-12-17 2018-12-17 წიგნი
        2018-12-17 21647 2018-12-17 2018-12-17 წიგნი